| 000 | 00000nam##2200000za#4500 |
| 001 | 9.642946 |
| 003 | CaOODSP |
| 005 | 20210624223937 |
| 007 | cr ||||||||||| |
| 008 | 150407|2008||||xxc|||||o f|0| 0 fre|d |
| 040 | |aCaOODSP|bfre |
| 043 | |an-cn--- |
| 086 | 1 |aEn154-70/2008F-PDF |
| 110 | 1 |aCanada. |bEnvironnement Canada. |
| 245 | 13|aLa gestion intégrée du Saint-Laurent - mécanismes de gouvernance |h[ressource électronique] |
| 260 | |aQuébec - Québec : |bEnvironnement Canada |cMars 2007, c2008. |
| 300 | |a16p.|bcartes en couleur, figures |
| 590 | |a14-08-Supp|b2014-04-10 |
| 691 | 07|aCours d'eau|2gcpds |
| 691 | 07|aProtection de l'environnement|2gcpds |
| 775 | 08|tIntegrated management of the St. Lawrence - governance mechanisms |w(CaOODSP)9.698891 |
| 856 | 40|ahttp://publications.gc.ca|qPDF|s583 Ko|uhttps://publications.gc.ca/collections/collection_2014/ec/En154-70-2008-fra.pdf |